000 00967nam a22003250a 4500
001 PT56636
003 AR-LpoUNG
005 20210131231749.0
008 191001s2014||||ag |||||||||||||||||por d
020 _a9789872720186
_c$10
040 _aAR-LpoUNG
_bspa
_cAR-LpoUNG
_eaacr
041 _apor
044 _aag
082 0 _a469.7 838n5-6exe
100 1 _aSchrägle, Isaure
245 1 0 _aBrasil intercultural :
_blíngua e cultura brasileira para estrangeiros : livro de exercícios : ciclo avançado níveis 5 e 6
250 _a1ra. ed.
260 _aBuenos Aires :
_bCasa do Brasil,
_c2014.
300 _a[6] 77 p. :
_bil.
650 4 _aCOMUNICACION
650 4 _aENSEÑANZA DE IDIOMAS
650 4 _aGRAMATICA
650 4 _aLENGUA PORTUGUESA
651 4 _aDOCUMENTOS TEORICOS O METODOLOGICOS
700 1 _aMendes, Edleise
_ecoor.
700 1 _aMonteiro Mendes, Paula
700 1 _aSilva, Greice Kelly
_erev.
905 _a56636
942 _cLIB
999 _c11830
_d11830